| 000 | 00424nam a2200157 i 4500 | ||
|---|---|---|---|
| 001 | 80708 | ||
| 003 | ES-MaACL | ||
| 005 | 20230906174257.0 | ||
| 007 | t| | ||
| 008 | 041029s1934 xxk ||||1| eng d | ||
| 100 | 1 |
_aHolme, Constance. _964049 |
|
| 245 | 1 | 4 |
_aThe old road from Spain / _cby Constance Holme. |
| 260 |
_aOxford : _bOxford University Press, _c[1934] |
||
| 300 |
_a282 p. ; _c15 cm. |
||
| 852 |
_aES-MaACL _jA-4551 |
||
| 999 |
_c80708 _d80708 |
||